| 000 | 00454nam a2200181Ia 4500 | ||
|---|---|---|---|
| 008 | 230524s9999 xx 000 0 und d | ||
| 020 | _a8121922151 | ||
| 082 |
_a621.382 _bSIN |
||
| 100 | _aAnokh Singh | ||
| 245 | 0 | _aFundamentals of Digital Electronics and Microproce | |
| 250 | _a1ST | ||
| 260 |
_aNEW DELHI _bS.Chand _c2005 |
||
| 300 | _aX;644 | ||
| 500 | _aQuantity Number: 6 | ||
| 650 | _aElectronics | ||
| 700 | _a A.K.Chhabra | ||
| 942 | _cBK | ||
| 999 |
_c13306 _d13306 |
||